000 00756nam a2200229 i 4500
001 56497
003 ES-MaACL
005 20230906163401.0
007 t|
008 031009s1931 fr ||||1| eng d
080 _a821.111-31"18"
100 1 _aDickens, Charles.
_944489
245 1 4 _aThe cricket on the hearth =
_bLe grillon du foyer /
_cCh. Dickens ; texte anglais integral avec traduction française de S. Campaux, en regard.
260 _aParis :
_bPayot,
_c1931 (
_eDijon :
_fDarautiere)
300 _a285 p. ;
_c19 cm.
490 1 _aCollection des deux textes
700 1 _aCampaux, Suzanne.
_934126
740 3 2 _aLe grillon du foyer.
830 1 _aCollection des deux textes
_9182593
852 4 _aES-MaACL
_jA-2723
999 _c56497
_d56497